| 000 | 00402nam a2200157Ia 4500 | ||
|---|---|---|---|
| 008 | 151213s9999 xx 000 0 und d | ||
| 020 | _a70111394-4 | ||
| 100 | _aAlberd Kasin | ||
| 245 |
_aThe Essential Blake _cAlberd Kasin |
||
| 260 |
_aLondon _bChatto & Windus _c1968 |
||
| 300 | _a8383 p. | ||
| 650 | _aEnglish Literature | ||
| 650 | _aEnglish Literature | ||
| 700 | _aAlberd Kasin | ||
| 999 |
_c4221 _d4221 |
||